PGA Tour Players of Year - Statistics

General Stats
  • This quiz has been taken 188 times
  • The average score is 32 of 69
Answer Stats
Year Answer % Correct
2013 Tiger Woods
98%
2009 Tiger Woods
94%
2007 Tiger Woods
94%
2006 Tiger Woods
94%
2005 Tiger Woods
94%
2003 Tiger Woods
94%
2002 Tiger Woods
94%
2001 Tiger Woods
94%
2000 Tiger Woods
94%
1999 Tiger Woods
94%
1997 Tiger Woods
94%
1976 Jack Nicklaus
86%
1962 Arnold Palmer
82%
1975 Jack Nicklaus
82%
1973 Jack Nicklaus
82%
1972 Jack Nicklaus
82%
1967 Jack Nicklaus
82%
1960 Arnold Palmer
78%
2016 Dustin Johnson
76%
2014 Rory McIlroy
75%
2012 Rory McIlroy
75%
2015 Jordan Spieth
74%
2017 Justin Thomas
69%
1984 Tom Watson
65%
2004 Vijay Singh
62%
1982 Tom Watson
61%
1980 Tom Watson
61%
1979 Tom Watson
61%
1978 Tom Watson
61%
1977 Tom Watson
61%
1953 Ben Hogan
48%
1951 Ben Hogan
46%
1950 Ben Hogan
46%
1948 Ben Hogan
46%
1995 Greg Norman
43%
1990 Nick Faldo
43%
1949 Sam Snead
42%
1992 Fred Couples
40%
1971 Lee Trevino
35%
2010 Jim Furyk
27%
1998 Mark O'Meara
27%
1994 Nick Price
24%
1974 Johnny Miller
21%
1993 Nick Price
21%
2008 Padraig Harrington
21%
1989 Tom Kite
20%
2011 Luke Donald
19%
1988 Curtis Strange
17%
1970 Billy Casper
13%
1966 Billy Casper
13%
1991 Corey Pavin
13%
1996 Tom Lehman
13%
1987 Paul Azinger
11%
1964 Ken Venturi
10%
1963 Julius Boros
8%
1986 Bob Tway
7%
1983 Hal Sutton
7%
1956 Jack Burke, Jr.
7%
1952 Julius Boros
7%
1981 Bill Rogers
6%
1961 Jerry Barber
6%
1985 Lanny Wadkins
6%
1959 Art Wall, Jr.
4%
1965 Dave Marr
4%
1955 Doug Ford
4%
1958 Dow Finsterwald
4%
1954 Ed Furgol
3%
1969 Orville Moody
3%
1957 Dick Mayer
1%
No matching quizzes found
Score Distribution
Percent of People with Each Score
Percentile by Number Answered
Your Score History
You have not taken this quiz